La guerra de Sandino o Pueblo desnudo / (Record no. 8969)
[ view plain ]
| 000 -CABECERA | |
|---|---|
| campo de control de longitud fija | 00756cam a2200217 a 4500 |
| 001 - NÚMERO DE CONTROL | |
| campo de control | 000009206 |
| 005 - FECHA Y HORA DE LA ÚLTIMA TRANSACCIÓN | |
| campo de control | 20200929161522.0 |
| 008 - DATOS DE LONGITUD FIJA--INFORMACIÓN GENERAL | |
| campo de control de longitud fija | 861120s1985 nq a 000 f spa |
| 040 ## - FUENTE DE LA CATALOGACIÓN | |
| Centro catalogador/agencia de origen | DO-SdBNP |
| Centro/agencia transcriptor | DLC |
| Centro/agencia modificador | DLC |
| 082 ## - NÚMERO DE LA CLASIFICACIÓN DECIMAL DEWEY | |
| Número de clasificación | N863.4 |
| Número de documento/Ítem | S469g |
| 100 1# - ENTRADA PRINCIPAL--NOMBRE DE PERSONA | |
| Nombre de persona | Selva, Salomón de la, |
| Fechas asociadas al nombre | 1893-1959. |
| 9 (RLIN) | 14388 |
| 245 13 - MENCIÓN DE TÍTULO | |
| Título | La guerra de Sandino o Pueblo desnudo / |
| Mención de responsabilidad, etc. | Salomón de la Selva. |
| 260 ## - PUBLICACIÓN, DISTRIBUCIÓN, ETC. | |
| Lugar de publicación, distribución, etc. | Managua, Nicaragua : |
| Nombre del editor, distribuidor, etc. | Nueva Nicaragua, |
| Fecha de publicación, distribución, etc. | 1985. |
| 300 ## - DESCRIPCIÓN FÍSICA | |
| Extensión | 122 p. : |
| Otras características físicas | il. ; |
| Dimensiones | 19 cm. |
| 490 1# - MENCIÓN DE SERIE | |
| Mención de serie | Biblioteca popular sandinista |
| Designación de volumen o secuencia | 22 |
| 650 #4 - PUNTO DE ACCESO ADICIONAL DE MATERIA--TÉRMINO DE MATERIA | |
| Término de materia o nombre geográfico como elemento de entrada | Novela nicaraguense |
| Subdivisión cronológica | SIGLO XX |
| 9 (RLIN) | 23886 |
| 650 #4 - PUNTO DE ACCESO ADICIONAL DE MATERIA--TÉRMINO DE MATERIA | |
| Término de materia o nombre geográfico como elemento de entrada | Literatura nicaraguense |
| Subdivisión cronológica | SIGLO XX |
| 9 (RLIN) | 8729 |
| 740 0# - PUNTO DE ACCESO ADICIONAL--TÍTULO RELACIONADO O ANALÍTICO NO CONTROLADO | |
| Título relacionado o analítico no controlado | Pueblo desnudo. |
| 830 #0 - PUNTO DE ACCESO ADICIONAL DE SERIE-TÍTULO UNIFORME | |
| Título uniforme | Biblioteca popular sandinista ; |
| Designación de volumen o secuencia | 22 |
| 9 (RLIN) | 14389 |
| 910 ## - DATOS DE OPCIÓN DEL USUARIO (OCLC) | |
| Datos de opción del usuario | Catalogación por copia / LC |
| Estado de retiro | Estado de pérdida | Restricciones de uso | No para préstamo | Código de colección | Localización permanente | Ubicación/localización actual | Ubicación en estantería | Fecha de adquisición | Número de inventario | Total de préstamos | Signatura topográfica completa | Código de barras | Fecha visto por última vez | Precio válido a partir de | Tipo de ítem Koha |
|---|---|---|---|---|---|---|---|---|---|---|---|---|---|---|---|
| Préstamo interno | Monografías: Libros y Folletos | General | General | En catalogación | 28.09.2009 | LF1 | N863.4 S469g | 9206-10 | 25.06.2020 | 25.06.2020 | Préstamo interno |
